LEADER 02025nam0 22004453i 450 001 VAN00255603 005 20250916100332.360 017 70$2N$a9783031038655 100 $a20230307d2022 |0itac50 ba 101 $aeng 102 $aCH 105 $a|||| ||||| 181 $ai$b e 182 $ab 183 $acr 200 1 $aˆThe ‰Lower Danube River$eHydro-Environmental Issues and Sustainability$feditors Abdelazim Negm, Liliana Zaharia, Gabriela Ioana-Toroimac 210 $aCham$cSpringer$d2022 215 $aXV, 582 p.$cill.$d24 cm 410 1$1001VAN00239450$12001 $aEarth and Environmental Sciences Library$1210 $aCham$cSpringer$d2021- 620 $aCH$dCham$3VANL001889 676 $a551.9$cGeochimica$v22 676 $a550$cScienze della terra e geologia - Geofisica$v22 676 $a338.927$cTecnologia alternativa. Economia ambientale. Sviluppo sostenibile$v22 676 $a551$cGeologia, idrogeologia, meteorologia$v22 676 $a526$cCartografia - Geodesia$v22 702 1$aIoana-Toroimac$bGabriela$3VANV208741 702 1$aNegm$bAbdelazim M.$3VANV194648 702 1$aZaharia$bLiliana$3VANV208740 712 $aSpringer $3VANV108073$4650 790 1$aNegm, Abdelazim$zNegm, Abdelazim M.$3VANV196269 790 1$aNegm, A. M.$zNegm, Abdelazim M.$3VANV201726 790 1$aNegm, A.M.$zNegm, Abdelazim M.$3VANV202870 801 $aIT$bSOL$c20250919$gRICA 856 4 $uhttps://link.springer.com/book/10.1007/978-3-031-03865-5$zE-book - Accesso al full-text attraverso riconoscimento IP di Ateneo, proxy e/o Shibboleth 899 $aBIBLIOTECA DEL DIPARTIMENTO DI SCIENZE E TECNOLOGIE AMBIENTALI BIOLOGICHE E FARMACEUTICHE$1IT-CE0101$2VAN17 912 $fN 912 $aVAN00255603 950 $aBIBLIOTECA DEL DIPARTIMENTO DI SCIENZE E TECNOLOGIE AMBIENTALI BIOLOGICHE E FARMACEUTICHE$d17CONS e-book 2307 $e17BIB2307/316 316 20230307 $sBuono 996 $aLower Danube River$93041420 997 $aUNICAMPANIA